Kanye Albums - Sudden Death - Statistics

General Stats
  • This quiz has been taken 191 times
    183 since last reset
  • The average score is 6 of 7
Answers on the Grid
Answers color-coded by a green-red scale on the quiz's grid according to % correct below.
High School Dropout
Late Registration
Graduation
808s and Heartbreak
All of the Lights
Overly Dedicated
Watch The Throne
Jeezus
If You're Reading This It's Too Late
The Life of Donda
ye
KIDS SEE GHOSTS
Harverd Dropout
I NEVER LIKED YOU
WE DON'T TRUST YOU
VULTURES 1
 
Answer Stats
Answer % Correct
Graduation
93%
808s and Heartbreak
89%
Late Registration
89%
ye
79%
Watch The Throne
78%
VULTURES 1
76%
KIDS SEE GHOSTS
71%
No matching quizzes found
Score Distribution
Percent of People with Each Score
Percentile by Number Answered
Your Score History
You have not taken this quiz since the last reset